| 000 | 00450nam a2200181Ia 4500 | ||
|---|---|---|---|
| 005 | 20250306055938.0 | ||
| 008 | 240331s9999 xx 000 0 und d | ||
| 020 | _a9558095056 | ||
| 082 |
_bWIC _a954 |
||
| 100 | _aWickramasinghe,N | ||
| 245 | 0 | _aSri Lanka in the modern age | |
| 260 |
_aSri Lanka _bVijitha Yapa Publications _c2006 |
||
| 300 | _aXXIV, 360 p ., | ||
| 650 | _aColonialism | ||
| 650 | _aPolitical | ||
| 650 | _aCulture | ||
| 942 | _cL | ||
| 999 |
_c2524 _d2524 |
||